Statistiques concernant Personnages de The Wire

Cliquez ici pour prendre le quiz!

Statistiques générales

  • Ce quiz a été pris 8 fois
  • Le résultat moyen est 17 sur 33

Statistiques - réponses

HintRéponse% Correct
Il pousse un caddieBubbles
100%
Flic Il boit souventJimmy McNulty
100%
Il prend des cours de gestionStringer Bell
100%
L'autre flic un peu cow boyEllis Carver
80%
Le tueur à lunettes et noeud-papillonFrere Mouzone
80%
"Hey Hooooo !"Omar Little
80%
A toujours une proposition à faireProposition Joe
80%
Elle achète un pistolet à clousSnoop
80%
Supérieur de Mac Nulty, il le détesteWilliam Rawls
80%
Il porte souvent un bandeau sur la têteAvon Barksdale
60%
"Lieutenant, in my office"Cedric Daniels
60%
Complice de SnoopChris Partlow
60%
Il donne une lecon d'échec mythiqueD'Angelo Barksdale
60%
Père de ZiggyFranck Sobotka
60%
Le flic un peu cowboyHerc
60%
Flic. Il construit des maquettes pendant ses heures de travailLester Freamon
60%
Le plus jeune dealer du "Corner"Wallace
60%
"Sheiiiiiiiiiiiiiiiiiit"Clay Davis
40%
Flic obèse, il porte des bretellesJay Landsman
40%
La seule femme de l'équipe de policiersKima Greggs
40%
Très dangeureux, il parle très peuMarlo Stanfield
40%
Le plus jeune tueur de la sérieMichael Lee
40%
Passe son temps sur le canapé orange, il ne sait pas non plus jouer aux échecsPoot
40%
Il n'est même pas grecThe Greek
40%
Flic, elle découvre 13 cadavres dans un containerBeady Russel
20%
Passe son temps sur le canapé orange, il ne sait pas jouer aux échecsBodie Brodus
20%
Il tenait une salle de boxeDennis Cutty Wise
20%
Il a toujours une proposition à fairePropostion Joe
20%
Homme politique. Il brigue la mairieTommy Carcetti
20%
Il a des aquariums pleins de poissons exotiquesWee-Bey Brice
20%
Flic. Il boit souvent aussiBunk Morland
0%
Flic, il n'a plus le droit de porter d'armeRoland Pryzbylewski
0%
Il a un canard comme animal de compagnieZiggie Zobotka
0%

Distribution des résultats

Percentile par nombre de réponses

% des personnes avec chaque résultat

Votre développement - résultats

Vous n’avez pas pris ce quiz